Two benthic microbial assemblages from the Měnín-1 borehole (Early Cambrian, Czech Republic)

Podrobná bibliografia
Hlavný autor: Vavrdová, Milada (Author)
Médium: Článok
Jazyk:English
Témy:
Zdroj: 1. Bulletin of geosciences 1. 1214-1119 1. Roč. 81, č. 2 (2006), s. 115-122
LEADER 01013nab#a2200337#ar4500
001 000082621
003 SVKKK
005 20070206141718.0
008 050331c2006 xr e eng
FMT
015 |a SNBRB2007/02-ccccc 
038 |a SVKKK 
040 |a SVKKK  |b slo  |e AACR2 
041 0 |a eng  |b eng 
044 |a xr  |c CZ 
080 |a 552.55(234.58)  |2 1997 
100 1 |a Vavrdová, Milada  |4 aut 
242 1 0 |a Dve bentické mikrobiálne spoločenstvá z vrtu Měnín-1 (staršie kambrium, Česká republika) 
245 1 0 |a Two benthic microbial assemblages from the Měnín-1 borehole (Early Cambrian, Czech Republic)  |c Milada Vavrdová 
300 |b Obr. 
504 |a Bibliogr. odkazy 
504 |a Res. angl. 
650 0 4 |a sedimenty silikoklastické  |x mikrofosílie  |x palynológia  |z Morava (Česko) 
773 0 |t Bulletin of geosciences  |x 1214-1119  |g Roč. 81, č. 2 (2006), s. 115-122 
958 |a CZ 
958 |a NB 
992 |a RBX 
BAS
852 |a SVKKK  |b BIB 
EXP
998 |a GEO